| 000 | 00600nam a22001937a 4500 | ||
|---|---|---|---|
| 005 | 20160802131544.0 | ||
| 010 | _aENG-115619 | ||
| 020 |
_a9789351436744 _c675.00 |
||
| 035 | _aEN-99151 | ||
| 037 | _bDBAD/PUB | ||
| 082 | _a657.42 | ||
| 100 | _aMakkar,Rajesh | ||
| 245 | 0 | 0 |
_aCost accounting : _cby Rajesh makkar _btheory and practice / |
| 250 | _a15th ed | ||
| 260 |
_aGurgaon _bLexisNexis _c2016 |
||
| 270 |
_a14th Floor, Building No.10, Tower-B, DLF Cyber City, Phase-II _bGurgaon(Haryana) _e122002 |
||
| 300 |
_aVarious Pagings _c28cm(pbk) |
||
| 942 |
_2ddc _cEN _mMAK _h657.42 |
||
| 999 |
_c101737 _d101737 |
||